| 000 | 00467nam a22001577a 4500 | ||
|---|---|---|---|
| 999 |
_c524704 _d524704 |
||
| 003 | NUST | ||
| 038 | _aMr. Zahoor | ||
| 082 | _a621 | ||
| 100 |
_aSyeda Sara Habib _915497 |
||
| 245 |
_aUrban Scene Description by Material Mapping Using Hyper Spectral Imaging / _cSyeda Sara Habib |
||
| 260 |
_aIslamabad : _bCEME - NUST, _c2015. |
||
| 300 |
_axi, 82 p. : ill. ; _c30cm |
||
| 500 | _aHardcover. | ||
| 600 | _2Mechatronics Engineering - MS Thesis | ||
| 942 |
_2ddc _cTHE |
||